<?xml version="1.0" encoding="UTF-8"?>
<collection xmlns:xsi="http://www.w3.org/2001/XMLSchema-instance" xsi:schemaLocation="http://www.loc.gov/MARC21/slim http://www.loc.gov/standards/marcxml/schema/MARC21slim.xsd" xmlns="http://www.loc.gov/MARC21/slim">
 <record>
  <leader>00000cab a22000003a 4500</leader>
  <controlfield tag="001">UP-99796217611368929</controlfield>
  <controlfield tag="003">Buklod</controlfield>
  <controlfield tag="005">20231008001427.0</controlfield>
  <controlfield tag="006">m    |o  d |      </controlfield>
  <controlfield tag="007">ta</controlfield>
  <controlfield tag="008">140828s        xx     d | ||r |||||   ||</controlfield>
  <datafield tag="040" ind1=" " ind2=" ">
   <subfield code="a">DENG</subfield>
  </datafield>
  <datafield tag="041" ind1=" " ind2=" ">
   <subfield code="a">eng</subfield>
  </datafield>
  <datafield tag="100" ind1="1" ind2=" ">
   <subfield code="a">Golecruz, Renato B.</subfield>
  </datafield>
  <datafield tag="245" ind1="1" ind2="4">
   <subfield code="a">The reduction behavior of nickel in high-iron laterites under CO/CO2/N2 atmospheres</subfield>
   <subfield code="c">R.B. Golecruz and M.G. Mena; foreword by Eduardo R. Magdaluyo, Jr.</subfield>
  </datafield>
  <datafield tag="300" ind1=" " ind2=" ">
   <subfield code="a">pp. 502</subfield>
  </datafield>
  <datafield tag="520" ind1=" " ind2=" ">
   <subfield code="a">The reduction behavior of nickel in high-iron Nonoc laterite was studied by varying the reduction temperature, reaction time and gas composition. It was observed that over a wide range of coditions,the degree of metallization increases with increasing level of any process variable, reaches some peak values, and then decreases with further increase in severity of reduction conditions. It was also noted that no more than 96.6% nickel can be metallized from the test sample. Ammoniacal leaching of pre-reduced pellets demonstrated that the Nonoc laterite is responsive to the treatment. An overall nickel recovery of about 94% is possible with this process.</subfield>
  </datafield>
  <datafield tag="650" ind1=" " ind2="0">
   <subfield code="a">Nickel</subfield>
   <subfield code="x">Analysis.</subfield>
  </datafield>
  <datafield tag="650" ind1=" " ind2="0">
   <subfield code="a">Laterite.</subfield>
  </datafield>
  <datafield tag="700" ind1="1" ind2=" ">
   <subfield code="a">Mena, Manolo G.</subfield>
  </datafield>
  <datafield tag="773" ind1="0" ind2=" ">
   <subfield code="t">Philippine Engineering Journal</subfield>
   <subfield code="g">31, 1(2 copies) (2010(Je)).</subfield>
  </datafield>
  <datafield tag="856" ind1="4" ind2="1">
   <subfield code="z">Also available online for University of the Philippines Diliman. Click here</subfield>
   <subfield code="u">https://journals.upd.edu.ph/index.php/pej/article/view/7931</subfield>
  </datafield>
  <datafield tag="856" ind1=" " ind2=" ">
   <subfield code="a">(viewed 13 January 2022)</subfield>
  </datafield>
  <datafield tag="905" ind1=" " ind2=" ">
   <subfield code="a">FI</subfield>
  </datafield>
  <datafield tag="852" ind1=" " ind2=" ">
   <subfield code="a">UPD</subfield>
   <subfield code="b">DENG-II</subfield>
  </datafield>
  <datafield tag="942" ind1=" " ind2=" ">
   <subfield code="a">Article</subfield>
  </datafield>
 </record>
</collection>
